01050 a2200157 45000010006000000050017000060080041000230030015000640400040000790800032001192450075001512640047002263000019002735050575002921000025008675335520260407155808.0260407a1948 arg spa dAR-UNSa-BCEJYS aAR-UNSa-BCEJYSbspacAR-UNSa-BCEJYS a94:33xHistoria económica10aHistoria económica de Europapdesde la decadencia del imperio romano 1aMadrid :bRevista de Derecho Privadoc1948 a805 p.c23 cm. a1. El asentamiento y colonización de Europa - 2. La agricultura y la vida rural del último período del imperio romano - 3. La evolución de la técnica agrícola - 4. Las isntituciones agrarias de los reinos germanicos desde la centuria quinta a la novena - 5. Las condiciones de la vida agrícola en el imperio bizantino durante la edad media - 6. La aparición de las formas dependientes de cultivo de la tierra y las instituciones señoriales - 7. La sociedad agraria medieval en su apogeo - 8. La sociedad agraria medieval en su periodo de transición 1 aClapham, John Harold